000 00323cam a2200133ua 4500
041 _amal
_h
082 _a928.94812
_bKRI/KA
100 _aKrishnan Kutty, Veloor.
245 _aKathaprasanga smaranakal /
_cVeloor Krishnan kutty.
_hTextual Documents
300 _a220 ; .
504 _a
942 _cBK
999 _c6582
_d6582